| 000 | nam a22 7a 4500 | ||
|---|---|---|---|
| 999 |
_c332355 _d332355 |
||
| 003 | NUST | ||
| 005 | 20171129110657.0 | ||
| 008 | 171129b xxu||||| |||| 00| 0 eng d | ||
| 040 | _cNUST | ||
| 082 |
_a297.63 _bKHA |
||
| 100 |
_aKhan, Abdul Waheed _96122 |
||
| 245 |
_aThe personality of Allah's last messenger Muhammad: _bMustafa Sal Lal Laahu ' Allehi Wa Sallam / _cAbdul Waheed Khan |
||
| 260 |
_aKarachi: _b36/A South Central Avenue, _c2015 |
||
| 300 | _a141 pages | ||
| 650 |
_aBiography- Seerat un Nabi SAW _96831 |
||
| 942 |
_2ddc _cBK |
||